Click the NBA team All-Time Scorer - Statistics

General Stats
  • This quiz has been taken 93 times
  • The average score is 23 of 30
Answer Stats
Hint Answer % Correct
Golden State Warriors Stephen Curry
95%
Cleveland Cavaliers Lebron James
91%
Indiana Pacers Reggie Miller
88%
San Antonio Spurs Tim Duncan
88%
Dallas Mavericks Dirk Nowitzki
86%
Chicago Bulls Michael Jordan
86%
Houston Rockets Hakeem Olajuwon
85%
Miami Heat Dwayne Wade
83%
Milwaukee Bucks Giannis Antetokounmpo
82%
Oklahoma City Thunder Russell Westbrook
82%
Portland Trail Blazers Clyde Drexler
80%
Detroit Pistons Isiah Thomas
80%
Toronto Raptors DeMar Derozan
78%
New Orleans Pelicans Anthony Davis
77%
Orlando Magic Dwight Howard
77%
Utah Jazz Karl Malone
77%
Charlotte Hornets Kemba Walker
77%
Los Angeles Lakers Kobe Bryant
77%
New York Knicks Patrwick Ewing
77%
Brooklyn Nets Brook Lopez
75%
Atlanta Hawks Dominique Wilkins
75%
Minnesota Timberwolves Kevin Garnett
74%
Denver Nuggets Alex English
72%
Boston Celtics John Havlicek
72%
Memphis Grizzlies Mike Conley
71%
Sacramento Kings Oscar Robertson
63%
Washington Wizards Elvin Hayes
57%
Philadelphia 76ers Hal Greer
49%
Phoenix Suns Walter Davis
48%
Los Angeles Clippers Randy Smith
42%
No matching quizzes found
Score Distribution
Percent of People with Each Score
Percentile by Number Answered
Your Score History
You have not taken this quiz